| 000 | 00637nam a2200217 a 4500 | ||
|---|---|---|---|
| 999 |
_c3783 _d3783 |
||
| 001 | 3783 | ||
| 003 | BD-JhCC | ||
| 005 | 20171118175334.0 | ||
| 008 | 171118s1987 bg a|||| |||| 000 0 ben d | ||
| 035 | _a(BD-JhCC)3783 | ||
| 040 |
_aBD-JhCC _dBD-JhCC |
||
| 041 | _aben | ||
| 082 |
_a621.388 _bALM 1987 |
||
| 100 | _aআল-মুতী, আবদুল্লাহ | ||
| 245 |
_aটেলিভিশনের কথা / _cআবদুল্লাহ আল-মুতী |
||
| 260 |
_aঢাকা : _bমুক্তধারা, _c1987. |
||
| 300 |
_a88 p. : _c24 cm. |
||
| 650 | _aTelevision | ||
| 942 |
_2ddc _cBK |
||